Vývoj požiarovosti v Slovenskej republike v roku 1992

Guardado en:
Detalles Bibliográficos
Formato: Libro
Lenguaje:eslovaco
Publicado: Bratislava Štatistický úrad SR 1993
Etiquetas: Agregar Etiqueta
Sin Etiquetas, Sea el primero en etiquetar este registro!

MARC

LEADER 00000nam a2200000 4500
001 c002537
005 20260220085410.8
041 0 |a slo 
044 |a SK 
245 1 0 |a Vývoj požiarovosti v Slovenskej republike v roku 1992 
264 1 |a Bratislava  |b Štatistický úrad SR  |c 1993 
300 |a 16 s.